Sagrada Biblia: versión directa de las lenguas originales
Spremljeno u:
| Glavni autori: | , |
|---|---|
| Format: | Knjiga |
| Jezik: | španjolski |
| Izdano: |
Madrid
Biblioteca de Autores Cristianos
1965
|
| Izdanje: | 18a. ed |
| Teme: | |
| Oznake: |
Dodaj oznaku
Bez oznaka, Budi prvi tko označuje ovaj zapis!
|
MARC
| LEADER | 00000nam a2200000 a 4500 | ||
|---|---|---|---|
| 001 | UCV8924 | ||
| 003 | CL-VaPUC | ||
| 008 | 920304e19650000SP |||||||||||||||||spa|d | ||
| 082 | 0 | 4 | |a 220 |b NAC |2 21 |
| 100 | |a Nácar Fúster, Eloíno |e autor |9 302902 | ||
| 700 | 0 | |a Colunga, Alberto |e author |9 302903 | |
| 245 | 1 | 0 | |a Sagrada Biblia: versión directa de las lenguas originales |
| 250 | |a 18a. ed | ||
| 300 | |a 1523 p | ||
| 942 | |c BK | ||
| 945 | |d 19920304 00:00:00 | ||
| 260 | |a Madrid |b Biblioteca de Autores Cristianos |c 1965 | ||
| 650 | 0 | |a Biblia |9 257603 | |
| 650 | 0 | |a Libros sagrados |9 302904 | |
| 583 | |a last modification |c 19920304 00:00:00 |k Rodrigo Vera | ||
| 999 | |c 214340 |d 214338 | ||
| 952 | |0 0 |1 0 |4 0 |6 220_000000000000000_NAC_1965 |7 0 |8 P |9 197597 |a BIBARQ |b BIBARQ |d 2019-11-14 |i 2652625 |o 220 NAC 1965 |p 2652625 |r 2025-01-20 |w 2019-11-14 |y BK |k ARQ | ||
| 952 | |0 0 |1 0 |4 0 |6 220_000000000000000_NAC_1965 |7 0 |8 P |9 197598 |a BIBARQ |b BIBARQ |d 2019-11-14 |i 2652641 |o 220 NAC 1965 |p 2652641 |r 2025-01-20 |w 2019-11-14 |y BK |k ARQ | ||
| 952 | |0 0 |1 0 |4 0 |6 220_000000000000000_NAC_1965 |7 0 |8 P |9 197599 |a BIBARQ |b BIBARQ |d 2019-11-14 |i 265265K |o 220 NAC 1965 |p 265265K |r 2025-01-20 |w 2019-11-14 |y BK |k ARQ | ||
| 952 | |0 0 |1 0 |4 0 |6 220_000000000000000_NAC_1965 |7 0 |8 P |9 197600 |a BIBARQ |b BIBARQ |d 2019-11-14 |i 2652676 |o 220 NAC 1965 |p 2652676 |r 2025-01-20 |w 2019-11-14 |y BK |k ARQ | ||
| 952 | |0 0 |1 0 |4 0 |6 220_000000000000000_NAC_1965 |7 0 |8 P |9 197601 |a BIBARQ |b BIBARQ |d 2019-11-14 |i 2652684 |o 220 NAC 1965 |p 2652684 |r 2025-01-20 |w 2019-11-14 |y BK |k ARQ | ||
| 952 | |0 0 |1 0 |4 0 |6 220_000000000000000_NAC_1965 |7 0 |8 P |9 197602 |a BIBARQ |b BIBARQ |d 2019-11-14 |i 2652692 |o 220 NAC 1965 |p 2652692 |r 2025-01-20 |w 2019-11-14 |y BK |k ARQ | ||